00561 2200193 4500001002100000005001500021035002000036007000300056008004100059020002200100082001000122084001600132100001600148245006300164260007000227300004200297650000900339650001900348INLIS00000000000155220260127091234 a0010-0126000011ta260127 g 0 ind  a978-602-6367-22-8 a633.1 a633.1 ADI b0 aAdi Prayoga1 aBuku Ajar Teknologi Produksi Tanaman Pangan /cAdi Prayoga aJakarta :bBadan Penyuluhan dan Pengembangan SDM Pertanian,c2017 ax, 159 hlm, :bilus, ;c15 cm x 21 cm 4aBuku 4aTanaman Pangan